LEADER 01690oam 2200469 450 001 9910703459903321 005 20140819120417.0 035 $a(CKB)4970000000046968 035 $a(OCoLC)881690395 035 $a(EXLCZ)994970000000046968 100 $a20140624d2014 ua 0 101 0 $aeng 135 $aurmn||||a|||| 181 $2rdacontent 182 $2rdamedia 183 $2rdacarrier 200 10$aPrivate health insurance, the range of base premiums for individuals age 19 and 64 in the individual market by state in January 2013 /$fJohn E. Dicken 210 1$aWashington, DC :$cU.S. Government Accountability Office,$d2014. 215 $a1 online resource (114 pages) 300 $aTitle from title screen (viewed June 24, 2014). 300 $a"January 31, 2014." 300 $a"GAO-14-263R." 320 $aIncludes bibliographical references. 517 $aPrivate Health Insurance 606 $aHealth insurance premiums$zUnited States 606 $aHealth insurance$xRates$zUnited States 606 $aInsurance exchanges$zUnited States 606 $aHealth care reform$zUnited States 615 0$aHealth insurance premiums 615 0$aHealth insurance$xRates 615 0$aInsurance exchanges 615 0$aHealth care reform 700 $aDicken$b John E.$01382684 712 02$aUnited States.$bGovernment Accountability Office, 801 0$bXFF 801 1$bXFF 801 2$bOCLCO 801 2$bGPO 906 $aDOCUMENT 912 $a9910703459903321 996 $aPrivate health insurance, the range of base premiums for individuals age 19 and 64 in the individual market by state in January 2013$93546920 997 $aUNINA LEADER 03544nam 22006495 450 001 9910299270203321 005 20200705115359.0 010 $a3-319-77697-5 024 7 $a10.1007/978-3-319-77697-2 035 $a(CKB)4100000003359551 035 $a(DE-He213)978-3-319-77697-2 035 $a(MiAaPQ)EBC6311750 035 $a(MiAaPQ)EBC5578384 035 $a(Au-PeEL)EBL5578384 035 $a(OCoLC)1034555420 035 $a(PPN)226699188 035 $a(EXLCZ)994100000003359551 100 $a20180405d2018 u| 0 101 0 $aeng 135 $aurnn|008mamaa 181 $ctxt$2rdacontent 182 $cc$2rdamedia 183 $acr$2rdacarrier 200 10$aRandom Numbers and Computers /$fby Ronald T. Kneusel 205 $a1st ed. 2018. 210 1$aCham :$cSpringer International Publishing :$cImprint: Springer,$d2018. 215 $a1 online resource (XVI, 260 p. 42 illus., 27 illus. in color.) 311 $a3-319-77696-7 327 $a1 Random and Pseudorandom Sequences -- 2 Generating Uniform Random Numbers -- 3 Generating Nonuniform Random Numbers -- 4 Testing Pseudorandom Generators -- 5 Parallel Random Number Generators -- 6 Cryptographically Secure Pseudorandom Number Generators -- 7 Other Random Sequences. . 330 $aThis book covers pseudorandom number generation algorithms, evaluation techniques, and offers practical advice and code examples. Random Numbers and Computers is an essential introduction or refresher on pseudorandom numbers in computer science. The first comprehensive book on the topic, readers are provided with a practical introduction to the techniques of pseudorandom number generation, including how the algorithms work and how to test the output to decide if it is suitable for a particular purpose. Practical applications are demonstrated with hands-on presentation and descriptions that readers can apply directly to their own work. Examples are in C and Python and given with an emphasis on understanding the algorithms to the point of practical application. The examples are meant to be implemented, experimented with and improved/adapted by the reader. . 606 $aNumerical analysis 606 $aAlgorithms 606 $aData encryption (Computer science) 606 $aMathematical statistics 606 $aNumeric Computing$3https://scigraph.springernature.com/ontologies/product-market-codes/I1701X 606 $aAlgorithm Analysis and Problem Complexity$3https://scigraph.springernature.com/ontologies/product-market-codes/I16021 606 $aAlgorithms$3https://scigraph.springernature.com/ontologies/product-market-codes/M14018 606 $aCryptology$3https://scigraph.springernature.com/ontologies/product-market-codes/I28020 606 $aProbability and Statistics in Computer Science$3https://scigraph.springernature.com/ontologies/product-market-codes/I17036 615 0$aNumerical analysis. 615 0$aAlgorithms. 615 0$aData encryption (Computer science) 615 0$aMathematical statistics. 615 14$aNumeric Computing. 615 24$aAlgorithm Analysis and Problem Complexity. 615 24$aAlgorithms. 615 24$aCryptology. 615 24$aProbability and Statistics in Computer Science. 676 $a518 700 $aKneusel$b Ronald T$4aut$4http://id.loc.gov/vocabulary/relators/aut$0992662 801 0$bMiAaPQ 801 1$bMiAaPQ 801 2$bMiAaPQ 906 $aBOOK 912 $a9910299270203321 996 $aRandom Numbers and Computers$92273067 997 $aUNINA